• 首页
  • 本馆介绍
  • 公告通知
  • 最新文献
  • 馆藏检索
  • 电子资源
  • 读者导购
  • 参考咨询
  • 我的图书馆
  • 登录
  • 详细信息显示
  • 放入我的书架
  • 预约/预借图书
  • 作者相关作品
  • 分类相关作品
  • 丛书相关作品
  • 出版社相关作品

书目信息

  • 表格格式
  • 工作单格式
  • 卡片格式
题名:
《中华人民共和国公务员法》解读
    
 
作者: 刘玫 主编 ;全国人大法制工作委员会《〈中华人民共和国公务员法〉解读》编写组 编著
分册:  
出版信息: 北京   人民出版社  2005
页数: 345页
开本: 21cm
丛书名:
单 册:
中图分类: D922.115
科图分类:
主题词: 公务员法--中国--学习参考资料 , 公务员法
电子资源:
ISBN: 7-01-004982-3
000 01253nam0 2200253 45
001 012006200002
005 20070116092926.57
010    @a7-01-004982-3@dCNY22.80
092    @aCN@b494034
100    @a20060521d2005 em y0chiy0121 ea
101 0  @achi
102    @aCN@b110000
105    @ay nz 000yy
200 1  @a《中华人民共和国公务员法》解读@A《 zhong hua ren min gong he guo gong wu yuan fa》 jie du@f刘玫主编@Fliu mei zhu bian@g全国人大法制工作委员会《〈中华人民共和国公务员法〉解读》编写组编著@Gquan guo ren da fa zhi gong zuo wei yuan hui《〈 zhong hua ren min gong he guo gong wu yuan fa〉 jie dou》 bian xie zu bian zhu
210    @a北京@c人民出版社@d2005
215    @a345页@d21cm
330    @a本书全面地从理论和实践的结合上,把起草中的问题和这部法律的基本思路以及编者的一些所思、所想、所感记录下来,以期对学习、理解和掌握公务员法有所裨益。
606 0  @a公务员法@y中国@j学习参考资料
606 0  @a公务员法
690    @aD922.115@v4
701  0 @a刘玫@Aliu mei@4主编
712 02 @a全国人大法制工作委员会《〈中华人民共和国公务员法〉解读》编写组@Aquan guo ren da fa zhi gong zuo wei yuan hui《〈 zhong hua ren min gong he guo gong wu yuan fa〉 jie dou》 bian xie zu@4编著
801  0 @aCN@bLZJBOOK@c20070116
905    @a10447@dD922.115@e580
    
    《中华人民共和国公务员法》解读/刘玫主编/全国人大法制工作委员会《〈中华人民共和国公务员法〉解读》编写组编著.-北京:人民出版社,2005
    345页;21cm
    
    
    ISBN 7-01-004982-3:CNY22.80
    本书全面地从理论和实践的结合上,把起草中的问题和这部法律的基本思路以及编者的一些所思、所想、所感记录下来,以期对学习、理解和掌握公务员法有所裨益。
●
相关链接 在E读中查询图书 在五车中查询图书 在当当中查询图书 在豆瓣中查询图书


正题名:《中华人民共和国公务员法》解读     索取号:D922.115/580         预约/预借

序号 登录号 条形码 馆藏地/架位号 状态 备注
1 0565393   205653933   第一样本阅览室/ [索取号:D922.115/580] 在馆    
2 0565394   205653942   第一借阅区/ [索取号:D922.115/580] 在馆    
3 0565395   205653951   第一借阅区/ [索取号:D922.115/580] 在馆    
4 0565396   205653960   第一借阅区/ [索取号:D922.115/580] 在馆    
5 0565397   205653979   第一借阅区/ [索取号:D922.115/580] 在馆    
唐山师范学院图书馆 欢迎您!
大连网信软件有限公司© 版权所有